000
00304nam a22001337a 4500
008
170606b xxu||||| |||| 00| 0 eng d
020
_a
0195025105
041
_a
eng
080
_a
94(4)
100
_a
18
101
_a
SHH
245
_a
A CONTINENT A STRAY EUROPE 1970-1978
_c
LAQUEUR.W
942
_2
udc
_c
BK
999
_c
16146
_d
16146